| 000 | 00442nam a2200109Ia 4500 | ||
|---|---|---|---|
| 008 | 160909s9999 xx 000 0 und d | ||
| 100 | _aGustavson, Daniel E. | ||
| 245 | _aInvestigating the cognitive underpinnings of procrastination: An intervention study and a longitudinal analysis | ||
| 260 |
_bUniversity of Colorado at Boulder. _c2016 |
||
| 650 | _aMARKETING MANAGEMENT | ||
| 856 | _uhttp://pqdtopen.proquest.com/doc/1793670250.html?FMT=ABS | ||
| 999 |
_c304874 _d304874 |
||